A Critical Analysis of Muslim Personal Law in India (Record no. 21212)

MARC details
000 -LEADER
fixed length control field 00313nam a22001217a 4500
082 ## - DEWEY DECIMAL CLASSIFICATION NUMBER
Classification number 340.59 EZU
100 ## - MAIN ENTRY--AUTHOR NAME
Author name Ezung, Stephen
245 ## - TITLE STATEMENT
Title A Critical Analysis of Muslim Personal Law in India
260 ## - PUBLICATION, DISTRIBUTION, ETC. (IMPRINT)
Place of publication Hyderabad
Name of publisher Henry Martyn Institute
Year of publication 2018
300 ## - PHYSICAL DESCRIPTION
Number of Pages 99
650 ## - SUBJECT ADDED ENTRY--TOPICAL TERM
Topical Term Muslim Personal Law
942 ## - ADDED ENTRY ELEMENTS (KOHA)
Koha item type Thesis
Holdings
Collection code Home library Current library Shelving location Date acquired Full call number Accession Number Koha item type
Reference Henry Martyn Institute Library Henry Martyn Institute Library General stacks 07/18/2018 340.59 EZU 11-3681 Thesis
                   Copyright © 2026 | Henry Martyn Institute | Hyderabad | TS-500052 | INDIA | Implemented by hmi.edu.in
Hit-Count:

Powered by Koha